| 000 | 00753nam a22001817a 4500 | ||
|---|---|---|---|
| 999 |
_c371851 _d371851 |
||
| 008 | 201127b ||||| |||| 00| 0 eng d | ||
| 040 |
_aDE-2950 _bger _cDE-2950 _erda |
||
| 041 | _ager | ||
| 245 |
_aDie Oder erholt sich von der Umweltkatastrophe. _bÖkosystem. Nach dem Fischsterben im Grenzfluss kommen Forscher der Ursache näher. Wasserproben und Untersuchungen an Fischen lassen hoffen/ _cPhilipp Stepputis |
||
| 264 | _c2022 | ||
| 653 | _aFrankfurt (Oder) | ||
| 653 | _aUmweltkatastrophe | ||
| 773 |
_dFrankfurt (Oder) Märkisches Verlags- und Druckhaus GmbH & Co KG _tMärkische Oderzeitung _g33. Jahrgang (2022) Nr. 210 vom 08.09.2022, S. 13 mit Bild |
||
| 942 | _cA | ||